Elements of numerical analysis / (Record no. 593463)

000 -LEADER
fixed length control field 01699cam a2200313 i 4500
001 - CONTROL NUMBER
control field 18317168
005 - DATE AND TIME OF LATEST TRANSACTION
control field 20230228142814.0
008 - FIXED-LENGTH DATA ELEMENTS--GENERAL INFORMATION
fixed length control field 140926s2015 ii a b 001 0 eng
010 ## - LIBRARY OF CONGRESS CONTROL NUMBER
LC control number 2014038362
020 ## - INTERNATIONAL STANDARD BOOK NUMBER
International Standard Book Number 9781107500495 (pbk.)
040 ## - CATALOGING SOURCE
Original cataloging agency DLC
Language of cataloging eng
Transcribing agency DLC
Description conventions rda
Modifying agency DLC
042 ## - AUTHENTICATION CODE
Authentication code pcc
050 00 - LIBRARY OF CONGRESS CALL NUMBER
Classification number QA297
Item number .G87 2015
082 00 - DEWEY DECIMAL CLASSIFICATION NUMBER
Classification number 519.4,GUP
Edition number 23
100 1# - MAIN ENTRY--PERSONAL NAME
Personal name Gupta, Radhey S.,
Dates associated with a name 1937-
9 (RLIN) 103493
245 10 - TITLE STATEMENT
Title Elements of numerical analysis /
Remainder of title Radhey S. Gupta.
250 ## - EDITION STATEMENT
Edition statement Second edition.
264 #1 - PRODUCTION, PUBLICATION, DISTRIBUTION, MANUFACTURE, AND COPYRIGHT NOTICE
Place of production, publication, distribution, manufacture Delhi, India :
Name of producer, publisher, distributor, manufacturer Cambridge University Press,
Date of production, publication, distribution, manufacture, or copyright notice 2015.
300 ## - PHYSICAL DESCRIPTION
Extent xvi, 759 pages :
Other physical details illustrations ;
Dimensions 25 cm
336 ## - CONTENT TYPE
Content type term text
Source rdacontent
337 ## - MEDIA TYPE
Media type term unmediated
Source rdamedia
338 ## - CARRIER TYPE
Carrier type term volume
Source rdacarrier
504 ## - BIBLIOGRAPHY, ETC. NOTE
Bibliography, etc. note Error in Computation (Page-1), Linear Equations and Eigenvalue Problem (Page-22), Nonlinear Equations (Page-106), Interpolation (Page-135), Numercial Differentition (Page-198),Ordinary Differential Equations (Page-275), Splines and THheir Application (Page-313), Method of least squares and chebyshev Approximation (Page-354), Eigenvalue od Symmetric Matrices (Page-384), Partial Differntial Equations (Page-437), Finite Element Method (Page-532), Integral Equations (Page-620), Difference Equations (Page-659), Fourier Series Discrete Fourier Transformers and Fast Fourier Transformers (Page-676), Free and Moving Boundry Problems: Abrief Introduction (Page-709).
650 #0 - SUBJECT ADDED ENTRY--TOPICAL TERM
Topical term or geographic name entry element Numerical analysis
Form subdivision Textbooks.
9 (RLIN) 103494
650 #0 - SUBJECT ADDED ENTRY--TOPICAL TERM
Topical term or geographic name entry element Mathematics
General subdivision Study and teaching (Higher)
Form subdivision Textbooks.
9 (RLIN) 103495
650 #0 - SUBJECT ADDED ENTRY--TOPICAL TERM
Topical term or geographic name entry element Mathematics
General subdivision Study and teaching (Graduate)
Form subdivision Textbooks.
9 (RLIN) 103496
906 ## - LOCAL DATA ELEMENT F, LDF (RLIN)
a 7
b cbc
c orignew
d 1
e ecip
f 20
g y-gencatlg
942 ## - ADDED ENTRY ELEMENTS (KOHA)
Source of classification or shelving scheme
Koha item type Book
Holdings
Withdrawn status Lost status Source of classification or shelving scheme Damaged status Not for loan Permanent Location Current Location Shelving location Date acquired Total Checkouts Full call number Barcode Date last seen Price effective from Koha item type Public note
          Military College of Signals (MCS) Military College of Signals (MCS) General Stacks 02/28/2023   519.4,GUP MCS37750 02/28/2023 02/28/2023 Book Almirah No.72, Shelf No.1
© 2023 Central Library, National University of Sciences and Technology. All Rights Reserved.